[Event "España ch 2010 sub-14"]
[Site "Linares ESP"]
[Date "2010.07.15"]
[Round "4.18"]
[White "Valero Gutierrez, Alvaro"]
[Black "Alonso Vara, Maria"]
[Result "1-0"]
[WhiteElo "1847"]
[BlackElo "1736"]
[PlyCount "119"]
[EventDate "2010.07.13"]
[EventType "swiss"]
[EventRounds "9"]
[EventCountry "ESP"]
[Source "lmi"]
[SourceDate "2010.07.13"]

1. e4 c5 2. Nf3 d6 3. Bb5+ Bd7 4. Bxd7+ Qxd7 5. c4 Nc6 6. Nc3 g6 7. d4 cxd4 8.
Nxd4 Bg7 9. Be3 Rc8 10. b3 Nf6 11. f3 a6 12. O-O O-O 13. Rc1 e6 14. Na4 Qe7 15.
Nb6 Rcd8 16. Re1 Ne5 17. Qc2 Nfd7 18. Nxd7 Rxd7 19. h3 Rc8 20. a4 Nc6 21. Qd2
Qd8 22. Red1 d5 23. cxd5 exd5 24. Qe1 Nxd4 25. Rxc8 Nxf3+ 26. gxf3 Qxc8 27.
exd5 Rd8 28. Qh4 f6 29. d6 Qc2 30. Qc4+ Qxc4 31. bxc4 Kf7 32. Bb6 Rd7 33. Bc7
f5 34. Kf2 Bf6 35. Ke3 Bd8 36. Bxd8 Rxd8 37. c5 Ke6 38. Kd4 Kf7 39. Kd5 Rd7 40.
a5 h6 41. c6 bxc6+ 42. Kxc6 Ke8 43. Re1+ Kd8 44. Rb1 Ke8 45. Re1+ Kd8 46. Re6
Rg7 47. Kb6 h5 48. Kxa6 g5 49. Kb6 g4 50. hxg4 hxg4 51. fxg4 fxg4 52. a6 g3 53.
a7 Kd7 54. Re1 Rg8 55. Kb7 Rg4 56. a8=Q Rb4+ 57. Ka7 Ra4+ 58. Kb8 Rxa8+ 59.
Kxa8 Kxd6 60. Rg1 1-0

[Event "España ch 2010 sub-14"]
[Site "Linares ESP"]
[Date "2010.07.15"]
[Round "4.19"]
[White "Abal Cores, Lucas"]
[Black "Ventura Bolet, Maxim"]
[Result "1-0"]
[WhiteElo "1658"]
[BlackElo "1846"]
[PlyCount "203"]
[EventDate "2010.07.13"]
[EventType "swiss"]
[EventRounds "9"]
[EventCountry "ESP"]
[Source "lmi"]
[SourceDate "2010.07.13"]

1. e4 c5 2. c3 d5 3. exd5 Qxd5 4. d4 Nf6 5. Nf3 e6 6. Be3 cxd4 7. cxd4 Nc6 8.
Bd3 Be7 9. Nc3 Qd6 10. a3 O-O 11. Bc2 Bd7 12. Qd3 g6 13. h4 Rfd8 14. Ng5 Be8
15. O-O-O a6 16. Nce4 Nxe4 17. Qxe4 Qd5 18. Qd3 Rac8 19. Kb1 Na5 20. Bc1 Rd6
21. Ne4 Rb6 22. Bg5 Qd8 23. Bxe7 Qxe7 24. Nc5 e5 25. Nb3 Nc4 26. h5 e4 27. Qg3
Qc7 28. Qxc7 Rxc7 29. hxg6 fxg6 30. Rc1 Ba4 31. Ka2 Nd6 32. Nc5 Bxc2 33. Rxc2
Nf5 34. Rd1 Re7 35. Re2 Rd6 36. d5 e3 37. fxe3 Rxe3 38. Rf2 Re5 39. Nxb7 Rdxd5
40. Rc1 Re7 41. Rc5 Rdd7 42. Na5 Rc7 43. Rd5 Red7 44. Re5 Re7 45. Rd5 Red7 46.
Rxd7 Rxd7 47. Nb3 Rd6 48. Nc5 Kg7 49. Ne4 Rc6 50. g4 Nh6 51. g5 Nf7 52. Kb3 Re6
53. Rf4 Re5 54. Rg4 a5 55. Ka4 h6 56. b4 axb4 57. axb4 hxg5 58. Nc5 Nh6 59. Rg1
g4 60. Nd3 Re3 61. Nf4 g3 62. Ng2 Re4 63. Ka5 Nf5 64. b5 Re2 65. Nf4 Ra2+ 66.
Kb4 Kf7 67. Kc5 Rc2+ 68. Kb6 Rb2 69. Ka6 Ra2+ 70. Kb7 Nd6+ 71. Kc6 Nc4 72. Rxg3
Ne5+ 73. Kd5 Kf6 74. Rb3 Rd2+ 75. Ke4 Nd7 76. Ke3 Rd6 77. Ne2 Re6+ 78. Kf2 Nb6
79. Nd4 Rd6 80. Nf3 g5 81. Kg3 Kf5 82. Rc3 Rd5 83. Rb3 g4 84. Nh2 Rd1 85. Rc3
Rd5 86. Rb3 Rd1 87. Kg2 Rd2+ 88. Kg1 Rd1+ 89. Nf1 Kf4 90. Kf2 Rd4 91. Ng3 Rd2+
92. Ne2+ Rxe2+ 93. Kxe2 Ke4 94. Kf2 Kd5 95. Kg3 Kc5 96. Kxg4 Na8 97. Kf4 Kb6
98. Ke4 Nc7 99. Kd4 Ne6+ 100. Kc4 Nc7 101. Re3 Kb7 102. Kc5 1-0

[Event "España ch 2010 sub-14"]
[Site "Linares ESP"]
[Date "2010.07.15"]
[Round "4.20"]
[White "Garcia Gonzalez, Omar"]
[Black "Serarols Mabras, Bernat"]
[Result "0-1"]
[WhiteElo "1647"]
[BlackElo "1827"]
[PlyCount "76"]
[EventDate "2010.07.13"]
[EventType "swiss"]
[EventRounds "9"]
[EventCountry "ESP"]
[Source "lmi"]
[SourceDate "2010.07.13"]

1. e4 Nf6 2. e5 Nd5 3. d4 d6 4. c4 Nb6 5. exd6 exd6 6. Nf3 Be7 7. Be2 O-O 8.
Nc3 Nc6 9. O-O Bf6 10. h3 Re8 11. Be3 h6 12. a3 Ne7 13. Ne4 Nf5 14. Nxf6+ Qxf6
15. Bc1 Bd7 16. b3 d5 17. c5 Nc8 18. a4 Nce7 19. Bf4 Nc6 20. Be5 Nxe5 21. Nxe5
Nxd4 22. Nxd7 Nxe2+ 23. Qxe2 Rxe2 24. Nxf6+ gxf6 25. Rad1 c6 26. Rd4 Rae8 27.
b4 a6 28. Rb1 R8e4 29. Rbd1 Rxd4 30. Rxd4 Rb2 31. g3 f5 32. Kg2 Kg7 33. Kf3 Kg6
34. Kf4 f6 35. Kf3 Ra2 36. a5 Rb2 37. Kg2 Re2 38. Kf3 Re4 0-1

[Event "España ch 2010 sub-14"]
[Site "Linares ESP"]
[Date "2010.07.15"]
[Round "4.22"]
[White "Galvan Prieto, Albano"]
[Black "Martin Prior, Francisco Jose"]
[Result "1/2-1/2"]
[WhiteElo "1807"]
[BlackElo "1710"]
[PlyCount "102"]
[EventDate "2010.07.13"]
[EventType "swiss"]
[EventRounds "9"]
[EventCountry "ESP"]
[Source "lmi"]
[SourceDate "2010.07.13"]

1. e4 c5 2. Nf3 e6 3. d4 cxd4 4. Nxd4 a6 5. Be2 Nf6 6. Bg5 Be7 7. Nd2 d6 8. O-O
Nbd7 9. N4b3 b5 10. a4 b4 11. f3 O-O 12. Kh1 Bb7 13. Nc4 d5 14. Nca5 Qc7 15.
Nxb7 Qxb7 16. exd5 Nxd5 17. Bxe7 Nxe7 18. Bd3 Rac8 19. Qe2 Qc7 20. Qe4 Nf6 21.
Qxb4 Ned5 22. Qd2 Qb6 23. a5 Qb7 24. Ra4 Nd7 25. Rh4 h6 26. Rg4 f5 27. Ra4 Ne5
28. Re1 Nxd3 29. Qxd3 Nb4 30. Qd6 Nxc2 31. Qxe6+ Kh8 32. Rg1 Qb5 33. Rh4 Rfe8
34. Qb6 Qxb6 35. axb6 Rb8 36. Nd4 Nxd4 37. Rxd4 Rxb6 38. Rb1 Re2 39. h3 Rbxb2
40. Rxb2 Rxb2 41. Ra4 Rb6 42. h4 g6 43. Kh2 Kg7 44. Kg3 Kf6 45. Ra5 Ke6 46. Kh3
Kd6 47. h5 Ke7 48. hxg6 Rxg6 49. Rxf5 Rg5 50. Rf4 Ra5 51. Rb4 Rb5 1/2-1/2

[Event "España ch 2010 sub-14"]
[Site "Linares ESP"]
[Date "2010.07.15"]
[Round "4.23"]
[White "Segura Santos, Luis"]
[Black "Ligero Martinez, Jesus"]
[Result "1-0"]
[WhiteElo "1788"]
[BlackElo "1709"]
[PlyCount "75"]
[EventDate "2010.07.13"]
[EventType "swiss"]
[EventRounds "9"]
[EventCountry "ESP"]
[Source "lmi"]
[SourceDate "2010.07.13"]

1. e4 e5 2. Nf3 Nc6 3. d4 exd4 4. Bc4 Bc5 5. O-O d6 6. h3 Nf6 7. Bg5 h6 8. Bh4
O-O 9. Re1 Re8 10. Nbd2 Ne5 11. Bb3 Nxf3+ 12. Qxf3 Be6 13. Rad1 Bb6 14. e5 dxe5
15. Ne4 Bxb3 16. Nxf6+ Kh8 17. Nxe8 Qxh4 18. axb3 Qe7 19. Nxg7 Kxg7 20. Qg3+
Qg5 21. Qxe5+ Qxe5 22. Rxe5 Kf6 23. Rde1 Rd8 24. Re8 Rd7 25. Rd1 Rd5 26. Rd3
Kf5 27. Rf3+ Kg6 28. Rg8+ Kh7 29. Rfg3 h5 30. R8g7+ Kh6 31. Rxf7 Re5 32. Kf1 h4
33. Rd3 Kg6 34. Rf4 Kg5 35. Rg4+ Kh5 36. c3 c5 37. Rf3 Ba5 38. Rf8 1-0

[Event "España ch 2010 sub-14"]
[Site "Linares ESP"]
[Date "2010.07.15"]
[Round "4.25"]
[White "Alonso Macias, Maria"]
[Black "Cavalle Pulla, Daniel"]
[Result "0-1"]
[WhiteElo "1669"]
[BlackElo "1862"]
[PlyCount "110"]
[EventDate "2010.07.13"]
[EventType "swiss"]
[EventRounds "9"]
[EventCountry "ESP"]
[Source "lmi"]
[SourceDate "2010.07.13"]

1. e4 e6 2. d4 d5 3. Nc3 Bb4 4. Bd2 dxe4 5. Nxe4 Bxd2+ 6. Qxd2 Nf6 7. Nc3 b6 8.
f3 Bb7 9. Bc4 Nc6 10. Nge2 Qe7 11. O-O-O O-O-O 12. Rhe1 Kb8 13. Kb1 Na5 14. Qd3
Nxc4 15. Qxc4 Nd5 16. Nxd5 Bxd5 17. Qa4 Qd6 18. Nc3 Bc6 19. Qc4 Kb7 20. h3 Qg3
21. Rg1 Rd7 22. Rd2 Bxf3 23. Rd3 Qh2 24. Re1 Qxg2 25. Qb4 Rhd8 26. a3 Qf2 27.
Ree3 Qg1+ 28. Ka2 Bd5+ 29. Nxd5 Rxd5 30. Rg3 Qf2 31. Rc3 Qf6 32. Rgf3 Qxd4 33.
Qe7 R8d7 34. Qf8 f5 35. Qg8 Qf6 36. Qxh7 R5d6 37. Rg3 Rc6 38. Qh5 Rxc3 39. bxc3
e5 40. Qe2 Qe6+ 41. Kb1 Qd5 42. Rd3 Qh1+ 43. Ka2 Rxd3 44. Qxd3 Qe4 45. Qd2 f4
46. Qf2 Qd5+ 47. Kb1 Qh1+ 48. Ka2 Qxh3 49. Qe2 Qe3 50. Qg2+ f3 51. Qxg7 Qd4 52.
Qg3 f2 53. Qg2+ e4 54. Qf1 a6 55. Kb1 Qe3 0-1

[Event "España ch 2010 sub-14"]
[Site "Linares ESP"]
[Date "2010.07.15"]
[Round "5.1"]
[White "Gutierrez Valero, Mario"]
[Black "Suarez Garcia, Carlos"]
[Result "1/2-1/2"]
[WhiteElo "2071"]
[BlackElo "2200"]
[PlyCount "44"]
[EventDate "2010.07.13"]
[EventType "swiss"]
[EventRounds "9"]
[EventCountry "ESP"]
[Source "lmi"]
[SourceDate "2010.07.13"]

1. d4 d5 2. Nf3 Nf6 3. c4 c6 4. Nc3 a6 5. Ne5 e6 6. cxd5 cxd5 7. Bf4 Nbd7 8. e3
Nxe5 9. Bxe5 Bd6 10. Bxd6 Qxd6 11. Bd3 O-O 12. O-O b5 13. Qe2 Bb7 14. a4 b4 15.
Nb1 a5 16. Nd2 Nd7 17. Nb3 Rfc8 18. Rfc1 Qb6 19. Rxc8+ Rxc8 20. Bb5 Nf6 21. Nc5
Bc6 22. Bxc6 Rxc6 1/2-1/2

[Event "España ch 2010 sub-14"]
[Site "Linares ESP"]
[Date "2010.07.15"]
[Round "5.2"]
[White "Moreno Ibañez, Miguel"]
[Black "Escudero Manzano, Alejandro"]
[Result "1/2-1/2"]
[WhiteElo "1946"]
[BlackElo "2125"]
[PlyCount "31"]
[EventDate "2010.07.13"]
[EventType "swiss"]
[EventRounds "9"]
[EventCountry "ESP"]
[Source "lmi"]
[SourceDate "2010.07.13"]

1. e4 c5 2. Nf3 e6 3. d4 cxd4 4. Nxd4 a6 5. Bd3 Bc5 6. Nb3 Be7 7. Be3 Qc7 8.
N1d2 d6 9. f4 b6 10. Qe2 Nd7 11. O-O-O Bb7 12. Kb1 Ngf6 13. Rhf1 Nc5 14. Bg1
Nfd7 15. Nf3 Rc8 16. g4 1/2-1/2

[Event "España ch 2010 sub-14"]
[Site "Linares ESP"]
[Date "2010.07.15"]
[Round "5.3"]
[White "Santos Latasa, Jaime"]
[Black "Nicolas Zapata, Irene"]
[Result "1-0"]
[WhiteElo "2255"]
[BlackElo "1962"]
[PlyCount "101"]
[EventDate "2010.07.13"]
[EventType "swiss"]
[EventRounds "9"]
[EventCountry "ESP"]
[Source "lmi"]
[SourceDate "2010.07.13"]

1. d4 Nf6 2. c4 g6 3. Nc3 d5 4. cxd5 Nxd5 5. e4 Nxc3 6. bxc3 Bg7 7. Bc4 c5 8.
Ne2 Nc6 9. Be3 O-O 10. O-O Na5 11. Bd3 b6 12. Qd2 e5 13. Bh6 Qc7 14. Bxg7 Kxg7
15. f4 exd4 16. cxd4 f5 17. e5 Be6 18. Rac1 Rfd8 19. Qb2 Qe7 20. Rfd1 Rac8 21.
Qa3 Kf7 22. dxc5 Rd5 23. Rc3 Rdxc5 24. Rdc1 Rxc3 25. Qxe7+ Kxe7 26. Rxc3 Rxc3
27. Nxc3 Nb7 28. Kf2 Nc5 29. Be2 h6 30. Ke3 g5 31. g3 gxf4+ 32. gxf4 Bf7 33.
Bd1 a6 34. Bc2 Be6 35. Kd4 Nd7 36. a3 Kf7 37. Nd5 a5 38. Nc7 Nc5 39. Na8 Nd7
40. Ba4 Ke7 41. Bxd7 Kxd7 42. Nxb6+ Kc6 43. Na4 Bb3 44. Nc3 Be6 45. Ne2 Bf7 46.
Kd3 Bg6 47. Nd4+ Kd5 48. Nb3 a4 49. Nd4 Bh7 50. Ne2 Kc5 51. Nc3 1-0

[Event "España ch 2010 sub-14"]
[Site "Linares ESP"]
[Date "2010.07.15"]
[Round "5.4"]
[White "Acosta Sosa, Juan Manuel"]
[Black "Herrera Gonzalez, Javier"]
[Result "1/2-1/2"]
[WhiteElo "2023"]
[BlackElo "1868"]
[PlyCount "83"]
[EventDate "2010.07.13"]
[EventType "swiss"]
[EventRounds "9"]
[EventCountry "ESP"]
[Source "lmi"]
[SourceDate "2010.07.13"]

1. d4 Nf6 2. c4 e6 3. Nf3 Bb4+ 4. Bd2 Qe7 5. a3 Bxd2+ 6. Nbxd2 c5 7. e3 b6 8.
Be2 Bb7 9. Rc1 d6 10. O-O O-O 11. Re1 Nbd7 12. Nf1 Ne4 13. N3d2 f5 14. f3 Nxd2
15. Qxd2 Rfd8 16. Ng3 Qg5 17. Rc2 Nf6 18. Qc1 h5 19. Nh1 e5 20. d5 e4 21. f4
Qh6 22. Nf2 h4 23. Nh3 Bc8 24. b4 Bd7 25. bxc5 bxc5 26. Rb2 Bc8 27. Qd2 Nd7 28.
Qa5 Qf6 29. Reb1 Nf8 30. Qc7 Ba6 31. Qa5 Bc8 32. Rb8 Rxb8 33. Rxb8 Nd7 34. Rb1
a6 35. Bd1 Nf8 36. Ba4 Bd7 37. Ng5 Bxa4 38. Qxa4 Qc3 39. Qb3 Qd2 40. Kf1 g6 41.
Rd1 Rb8 42. Qxb8 1/2-1/2

[Event "España ch 2010 sub-14"]
[Site "Linares ESP"]
[Date "2010.07.15"]
[Round "5.5"]
[White "Montoliu Cervero, Francisco"]
[Black "Valero Gutierrez, Alvaro"]
[Result "0-1"]
[WhiteElo "2153"]
[BlackElo "1847"]
[PlyCount "78"]
[EventDate "2010.07.13"]
[EventType "swiss"]
[EventRounds "9"]
[EventCountry "ESP"]
[Source "lmi"]
[SourceDate "2010.07.13"]

1. e4 d6 2. d4 Nf6 3. Nc3 Nbd7 4. Nf3 e5 5. Bc4 h6 6. O-O Be7 7. Re1 O-O 8. a4
Ng4 9. h3 exd4 10. Nxd4 Nge5 11. Bf1 Nc5 12. b4 Ne6 13. Nf5 Bf6 14. Ra3 Nc6 15.
Nd5 Ncd4 16. Rd3 Nxf5 17. exf5 Ng5 18. f4 Nh7 19. g4 Bh4 20. Re2 Bd7 21. c4 Nf6
22. c5 Nxd5 23. Rxd5 Bc6 24. Rdd2 Bf3 25. cxd6 Bxe2 26. Bxe2 cxd6 27. Rxd6 Qe7
28. Bf1 Rfd8 29. Rxd8+ Rxd8 30. Qf3 Qxb4 31. Be3 b6 32. g5 hxg5 33. fxg5 Qxa4
34. g6 Bf6 35. Qb7 fxg6 36. fxg6 Qd7 37. Bc4+ Kf8 38. Qe4 Re8 39. Qf3 Rxe3 0-1

[Event "España ch 2010 sub-14"]
[Site "Linares ESP"]
[Date "2010.07.15"]
[Round "5.6"]
[White "Perez Cabas, Jose"]
[Black "Martin Duque, Jesus"]
[Result "0-1"]
[WhiteElo "1873"]
[BlackElo "2073"]
[PlyCount "106"]
[EventDate "2010.07.13"]
[EventType "swiss"]
[EventRounds "9"]
[EventCountry "ESP"]
[Source "lmi"]
[SourceDate "2010.07.13"]

1. e4 e6 2. d4 d5 3. Bd3 Nf6 4. e5 Nfd7 5. Nf3 c5 6. c3 Nc6 7. O-O Qb6 8. Bc2
h6 9. a3 g5 10. h3 a5 11. a4 Be7 12. Na3 Rg8 13. Nb5 Na7 14. Qd3 Rg7 15. dxc5
Nxc5 16. Qe2 Bd7 17. Nfd4 Nxb5 18. Nxb5 Bxb5 19. axb5 Ne4 20. c4 Ng3 21. Qd3
Nxf1 22. Kxf1 dxc4 23. Qxc4 Qc5 24. Qe2 Rc8 25. Ba4 Qc4 26. Be3 Qxe2+ 27. Kxe2
Bb4 28. b6+ Ke7 29. Rd1 f6 30. Rd7+ Kf8 31. exf6 Rxd7 32. Bxd7 Rc2+ 33. Kd3
Rxb2 34. Bxe6 a4 35. h4 a3 36. hxg5 hxg5 37. Bxg5 a2 38. Bh6+ Ke8 39. f7+ Ke7
40. Bxa2 Kf6 41. f8=Q+ Bxf8 42. Bxf8 Rxa2 43. Bc5 Ke5 44. Be3 Kd5 45. g4 Ra3+
46. Ke2 Ke4 47. f3+ Ke5 48. g5 Kf5 49. f4 Ke4 50. Bd2 Rb3 51. Ba5 Rb5 52. g6
Rxa5 53. Kd2 Kxf4 0-1

[Event "España ch 2010 sub-14"]
[Site "Linares ESP"]
[Date "2010.07.15"]
[Round "5.7"]
[White "Ordoñez Torres, Maria Del Carme"]
[Black "Forsberg Conde, Martin"]
[Result "0-1"]
[WhiteElo "1871"]
[BlackElo "2010"]
[PlyCount "70"]
[EventDate "2010.07.13"]
[EventType "swiss"]
[EventRounds "9"]
[EventCountry "ESP"]
[Source "lmi"]
[SourceDate "2010.07.13"]

1. e4 e5 2. Nf3 Nc6 3. Bb5 a6 4. Ba4 Nf6 5. O-O b5 6. Bb3 Bc5 7. c3 d6 8. d4
Bb6 9. a4 Bb7 10. Na3 h6 11. Bc2 exd4 12. cxd4 O-O 13. Re1 Re8 14. d5 Ne5 15.
Nxe5 dxe5 16. Be3 Bxe3 17. Rxe3 Qd7 18. Rb3 c6 19. dxc6 Qxc6 20. axb5 axb5 21.
Rxb5 Red8 22. Bd3 Ba6 23. Rb3 Rac8 24. h3 Nxe4 25. Qe2 Nc5 26. Bxa6 Nxb3 27.
Re1 Rd2 28. Qc4 Rc7 29. Qxb3 Qxa6 30. Qb8+ Qc8 31. Qb5 Qf5 32. Qb6 Rcd7 33. Nc4
Rd1 34. Qe3 Qc2 35. Nb6 Rxe1+ 0-1

[Event "España ch 2010 sub-14"]
[Site "Linares ESP"]
[Date "2010.07.15"]
[Round "5.8"]
[White "Capote Robayna, Nathaniel"]
[Black "Segura Santos, Luis"]
[Result "0-1"]
[WhiteElo "1970"]
[BlackElo "1788"]
[PlyCount "104"]
[EventDate "2010.07.13"]
[EventType "swiss"]
[EventRounds "9"]
[EventCountry "ESP"]
[Source "lmi"]
[SourceDate "2010.07.13"]

1. d4 d5 2. c4 e6 3. Nc3 Nf6 4. cxd5 exd5 5. Bg5 c6 6. e3 Nbd7 7. Bd3 Be7 8.
Nge2 O-O 9. O-O Re8 10. f3 Nf8 11. Qc2 Be6 12. Kh1 c5 13. Bb5 N6d7 14. Bxe7
Qxe7 15. dxc5 Qxc5 16. Nd4 a6 17. Be2 Ng6 18. Rae1 Nf6 19. f4 Bd7 20. Bf3 Rac8
21. Qd2 Nh4 22. Bd1 Nf5 23. Bb3 Nd6 24. Nf3 Nc4 25. Bxc4 dxc4 26. Ne5 Bf5 27.
e4 Red8 28. Qe2 Be6 29. Rd1 b5 30. Qf3 Nd7 31. Nxd7 Bxd7 32. Rd5 Qe7 33. Re5
Qf8 34. Qg3 Bc6 35. f5 Rd3 36. Qg4 f6 37. Re6 Rd6 38. e5 fxe5 39. f6 Bd7 40.
Qg5 Bxe6 41. Ne4 Rd7 42. h4 Bd5 43. Ng3 Rf7 44. Nh5 g6 45. Ng3 Rc6 46. Qxe5 Qd8
47. Rd1 Rd6 48. Ne4 Rdd7 49. Nc5 Bxg2+ 50. Kxg2 Rxd1 51. Ne4 Rd5 52. Qe6 Qd7
0-1

[Event "España ch 2010 sub-14"]
[Site "Linares ESP"]
[Date "2010.07.15"]
[Round "5.9"]
[White "Rubio Tent, Francisco"]
[Black "Lopez Martin, Jaime"]
[Result "1-0"]
[WhiteElo "1954"]
[BlackElo "1757"]
[PlyCount "75"]
[EventDate "2010.07.13"]
[EventType "swiss"]
[EventRounds "9"]
[EventCountry "ESP"]
[Source "lmi"]
[SourceDate "2010.07.13"]

1. e4 c5 2. Nf3 a6 3. Nc3 b5 4. d3 e6 5. Bf4 Nc6 6. g3 d6 7. Bg2 Nge7 8. O-O
Ng6 9. Be3 Be7 10. d4 cxd4 11. Nxd4 Nxd4 12. Qxd4 O-O 13. Rad1 Ne5 14. f4 Nc4
15. Bc1 Bb7 16. b3 Na5 17. Qd2 Rc8 18. Bb2 Bf6 19. Rc1 Qb6+ 20. Kh1 Bd4 21. Nd5
exd5 22. Bxd4 Qc7 23. exd5 Rfe8 24. Qf2 Ba8 25. Bb6 Qc3 26. Qf3 Qxf3 27. Bxf3
Nb7 28. Bg4 Nc5 29. Bxc8 Bxd5+ 30. Kg1 Rxc8 31. Rfd1 Rc6 32. Bxc5 Bf3 33. Re1
Kf8 34. Bf2 d5 35. Re3 Be4 36. c4 bxc4 37. bxc4 Bf5 38. Rec3 1-0

[Event "España ch 2010 sub-14"]
[Site "Linares ESP"]
[Date "2010.07.15"]
[Round "5.10"]
[White "Jimenez Almeida, Luis David"]
[Black "Abal Cores, Lucas"]
[Result "0-1"]
[WhiteElo "1936"]
[BlackElo "1658"]
[PlyCount "80"]
[EventDate "2010.07.13"]
[EventType "swiss"]
[EventRounds "9"]
[EventCountry "ESP"]
[Source "lmi"]
[SourceDate "2010.07.13"]

1. e4 e5 2. d4 exd4 3. Nf3 Nc6 4. Bc4 Bc5 5. c3 Nf6 6. e5 d5 7. Bb5 Ne4 8. cxd4
Bb6 9. Nc3 Ba5 10. Bd2 Bxc3 11. Bxc3 Bg4 12. Bxc6+ bxc6 13. Bb4 Qb8 14. Ba3 Qb5
15. Rc1 Qa5+ 16. Kf1 Qb5+ 17. Qe2 Nd2+ 18. Ke1 Nc4 19. h3 Be6 20. Rc3 Kd7 21.
Nd2 Nxa3 22. bxa3 Qb2 23. Rc5 Qa1+ 24. Qd1 Qxd4 25. Qc2 Qxe5+ 26. Kd1 Rhb8 27.
Rxc6 Rb2 28. Nf3 Qf4 29. Rxc7+ Qxc7 30. Qxb2 Rb8 31. Qc2 Qb6 32. Ke2 Qa6+ 33.
Ke3 Qxa3+ 34. Kf4 Qd6+ 35. Ke3 Rb4 36. Rd1 g6 37. a3 Bf5 38. Qa2 Re4+ 39. Kd2
Qc5 40. Ne5+ Rxe5 0-1

[Event "España ch 2010 sub-14"]
[Site "Linares ESP"]
[Date "2010.07.15"]
[Round "5.11"]
[White "Shen, Yue"]
[Black "Garcia De Lomas Guerrero, Carlos"]
[Result "1-0"]
[WhiteElo "1849"]
[BlackElo "1915"]
[PlyCount "65"]
[EventDate "2010.07.13"]
[EventType "swiss"]
[EventRounds "9"]
[EventCountry "ESP"]
[Source "lmi"]
[SourceDate "2010.07.13"]

1. e4 e6 2. d4 d5 3. e5 c5 4. c3 Qb6 5. Nf3 Nc6 6. a3 Nh6 7. b4 cxd4 8. cxd4
Nf5 9. Bb2 Be7 10. Bd3 a5 11. Bxf5 exf5 12. Nc3 Be6 13. b5 a4 14. bxc6 Qxb2 15.
Nxa4 Rxa4 16. cxb7 O-O 17. Rb1 Qc3+ 18. Nd2 Bb4 19. axb4 Ra2 20. O-O Rxd2 21.
Qa4 Qc7 22. Qa8 Rxd4 23. b5 g6 24. Ra1 Rb4 25. Qxf8+ Kxf8 26. Ra8+ Ke7 27. b8=Q
Qxb8 28. Rxb8 d4 29. Rd1 Bc4 30. b6 d3 31. b7 Bd5 32. f3 Rd4 33. Re8+ 1-0

[Event "España ch 2010 sub-14"]
[Site "Linares ESP"]
[Date "2010.07.15"]
[Round "5.13"]
[White "Serarols Mabras, Bernat"]
[Black "Ruiz Font, Elisabet"]
[Result "1/2-1/2"]
[WhiteElo "1827"]
[BlackElo "1899"]
[PlyCount "55"]
[EventDate "2010.07.13"]
[EventType "swiss"]
[EventRounds "9"]
[EventCountry "ESP"]
[Source "lmi"]
[SourceDate "2010.07.13"]

1. d4 f5 2. c4 Nf6 3. Nc3 g6 4. Nf3 Bg7 5. g3 d6 6. Bg2 O-O 7. O-O Qe8 8. Re1
Qf7 9. Qb3 h6 10. e4 fxe4 11. Nxe4 Nxe4 12. Rxe4 Nd7 13. h3 e5 14. Bd2 b6 15.
Bb4 Bb7 16. d5 Rae8 17. Qc2 Bc8 18. Re2 Qf5 19. Rae1 Qxc2 20. Rxc2 a5 21. Ba3
Nc5 22. Bxc5 bxc5 23. Nd2 Bd7 24. b3 Rf7 25. Be4 Rf6 26. Kg2 Ref8 27. Re2 Rb8
28. Bd3 1/2-1/2

[Event "España ch 2010 sub-14"]
[Site "Linares ESP"]
[Date "2010.07.15"]
[Round "5.14"]
[White "Gonzalez Benavides, Jose Antonio"]
[Black "Garcia Rodriguez, Sara"]
[Result "0-1"]
[WhiteElo "1750"]
[BlackElo "1867"]
[PlyCount "122"]
[EventDate "2010.07.13"]
[EventType "swiss"]
[EventRounds "9"]
[EventCountry "ESP"]
[Source "lmi"]
[SourceDate "2010.07.13"]

1. e4 c5 2. Nf3 Nc6 3. d4 cxd4 4. Nxd4 g6 5. Nc3 Bg7 6. Nb3 Nf6 7. Be2 d6 8.
O-O O-O 9. Bg5 Bd7 10. Kh1 Na5 11. f4 Nxb3 12. axb3 Bc6 13. Bf3 Qc7 14. Qe2 Qd7
15. Rad1 Qe6 16. Rfe1 Rfe8 17. Nd5 Bxd5 18. exd5 Qd7 19. Qf2 Rac8 20. Re2 a5
21. Rde1 Rc7 22. h3 Qb5 23. Re3 a4 24. Qd2 Kf8 25. c4 Qc5 26. bxa4 Qxc4 27. b3
Qa6 28. Be2 Qa8 29. Bc4 Qc8 30. Qd3 h6 31. Bh4 Ng8 32. Qe2 f6 33. Re6 Kf7 34.
Qg4 h5 35. Qg3 Nh6 36. Bb5 Rg8 37. Bd3 Bf8 38. Bc4 Nf5 39. Qf2 Rxc4 40. bxc4
Qxc4 41. R1e4 Qxd5 42. Re1 Qa5 43. Qa2 Kg7 44. Bf2 b5 45. Qd5 Qxa4 46. R6e4 Qc2
47. R4e2 Qc4 48. Qf3 Kf7 49. Re4 Qc2 50. Kg1 d5 51. R4e2 Qc4 52. Rd1 e6 53.
Red2 Bc5 54. Ra1 Bxf2+ 55. Qxf2 Re8 56. g4 hxg4 57. hxg4 Ne7 58. Ra7 Qc1+ 59.
Kg2 Rh8 60. Kf3 Qh1+ 61. Ke3 Qe4# 0-1

[Event "España ch 2010 sub-14"]
[Site "Linares ESP"]
[Date "2010.07.15"]
[Round "5.15"]
[White "Jimenez Peñafiel, Gustavo"]
[Black "Ballester Llagaria, Luis Eduardo"]
[Result "1/2-1/2"]
[WhiteElo "1746"]
[BlackElo "2056"]
[PlyCount "41"]
[EventDate "2010.07.13"]
[EventType "swiss"]
[EventRounds "9"]
[EventCountry "ESP"]
[Source "lmi"]
[SourceDate "2010.07.13"]

1. e4 c5 2. Nf3 e6 3. d3 Nc6 4. Nbd2 d5 5. g3 Nf6 6. Bg2 Be7 7. O-O O-O 8. Re1
Qc7 9. e5 Nd7 10. Qe2 b5 11. Nf1 Ba6 12. h4 Rfc8 13. Bf4 b4 14. Ne3 Nd4 15.
Nxd4 cxd4 16. Nxd5 exd5 17. e6 Bd6 18. exf7+ Kh8 19. Bxd5 Rab8 20. Bxd6 Qxd6
21. Qe6 1/2-1/2

[Event "España ch 2010 sub-14"]
[Site "Linares ESP"]
[Date "2010.07.15"]
[Round "5.16"]
[White "Iglesias Garcia, Jorge"]
[Black "Romero Calduch, Sergio"]
[Result "0-1"]
[WhiteElo "1958"]
[BlackElo "1734"]
[PlyCount "78"]
[EventDate "2010.07.13"]
[EventType "swiss"]
[EventRounds "9"]
[EventCountry "ESP"]
[Source "lmi"]
[SourceDate "2010.07.13"]

1. d4 e6 2. Nf3 f5 3. c4 Nf6 4. g3 d5 5. Bg2 c6 6. O-O Bd6 7. Nbd2 Nbd7 8. b3
O-O 9. Bb2 Ne4 10. Ne5 Ndf6 11. f3 Ng5 12. Bc3 b5 13. Nxc6 Qb6 14. cxb5 Bd7 15.
Kh1 Bxc6 16. bxc6 Qxc6 17. Rc1 Rac8 18. f4 Nge4 19. Nxe4 dxe4 20. Bb2 Qa6 21.
Qd2 Qxa2 22. Ra1 Qxb3 23. Rfb1 Bb4 24. Qd1 Qxd1+ 25. Rxd1 Rc2 26. Ba3 a5 27.
Bxb4 axb4 28. Ra6 Rb8 29. h3 b3 30. Kh2 b2 31. Ra2 Nd5 32. Rb1 Nc3 33. Rbxb2
Rbxb2 34. Ra8+ Kf7 35. Ra7+ Kg6 36. g4 Rxe2 37. gxf5+ Kxf5 38. Ra5+ Kf6 39. f5
Rxg2+ 0-1

[Event "España ch 2010 sub-14"]
[Site "Linares ESP"]
[Date "2010.07.15"]
[Round "5.17"]
[White "Cavalle Pulla, Daniel"]
[Black "Pardo Gomez, Jose Ramon"]
[Result "1-0"]
[WhiteElo "1862"]
[BlackElo "1710"]
[PlyCount "60"]
[EventDate "2010.07.13"]
[EventType "swiss"]
[EventRounds "9"]
[EventCountry "ESP"]
[Source "lmi"]
[SourceDate "2010.07.13"]

1. e4 d5 2. exd5 Qxd5 3. Nc3 Qa5 4. d4 Nf6 5. Bd2 Qb6 6. Nf3 Bg4 7. Bc4 c6 8.
Bxf7+ Kxf7 9. Ne5+ Ke8 10. Nxg4 Qxd4 11. Nxf6+ Qxf6 12. Qe2 Nd7 13. O-O-O h6
14. Rhe1 Kf7 15. Ne4 Qg6 16. Bc3 Nb6 17. Rd3 Kg8 18. Rg3 Qf7 19. Nc5 Nd5 20.
Ne6 Nf4 21. Nxf4 Qxf4+ 22. Kb1 Rd8 23. Qe6+ Qf7 24. Qe3 b6 25. Qe5 e6 26. Ree3
Rh7 27. Ref3 Qd7 28. Rg6 Ba3 29. Rd3 Qf7 30. Rdg3 Bf8 1-0